Sở từ
Bewaard in:
| Hoofdauteur: | |
|---|---|
| Andere auteurs: | , |
| Formaat: | Boek |
| Gepubliceerd in: |
H.
Văn học
1974
|
| Onderwerpen: | |
| Tags: |
Voeg label toe
Geen labels, Wees de eerste die dit record labelt!
|
| Thư viện lưu trữ: | Mạng thư viện Đại học Đà Nẵng |
|---|
| LEADER | 01123nam a22003618a 4500 | ||
|---|---|---|---|
| 001 | 000004717 | ||
| 003 | 858 | ||
| 005 | 20120411090451.0 | ||
| 008 | 110803s1974 b 000 0 od | ||
| 020 | |c 2600d |d 15200b | ||
| 041 | 0 | |a dịch trung quốc | |
| 080 | |a VH11 | ||
| 082 | |a 895.1 |b KH-N | ||
| 084 | |a V6 | ||
| 100 | 1 | |a Khuất Nguyên | |
| 245 | 1 | 0 | |a Sở từ |c Khuất Nguyên ; người dịch: Đào Duy Anh, Nguyễn Sử Lâm |
| 260 | |a H. |b Văn học |c 1974 | ||
| 300 | |a 461tr |c 19cm | ||
| 653 | |a trung quốc | ||
| 653 | |a thơ | ||
| 653 | |a văn học hiện đại | ||
| 700 | 1 | |a Đào Duy Anh |e Dịch | |
| 700 | 1 | |a Nguyễn Sử Lâm |e Dịch | |
| OWN | |a LSP | ||
| AVA | |a UDN50 |b LSP |d 895.1 KH-N |e available |t Error 5001 Not defined in file expand_doc_bib_avail. |f 5 |g 3 |h N |i 0 |k 1 | ||
| 999 | |a From the UDN01 | ||
| AVA | |a UDN50 |b LSP |d 895.1 KH-N |e available |t Error 5001 Not defined in file expand_doc_bib_avail. |f 5 |g 3 |h N |i 0 |k 1 | ||
| TYP | |a Monograph | ||
| TYP | |a Printed language | ||
| 980 | |a Mạng thư viện Đại học Đà Nẵng | ||